Egy vállalkozás környezetének elemző bemutatása

Bibliographic Details
Main Author: Kiss Nóra
Other Authors: Katz György
Format: Thesis
Kulcsszavak:gyógyszer
gyógyszertár
forgalmazás
működés
árbevétel
Online Access:http://dolgozattar.uni-bge.hu/1885

MARC

LEADER 00000nta a2200000 i 4500
001 dolg1885
005 20150903153816.0
008 150428suuuu hu om 000 hun d
040 |a BGE Dolgozattár Repozitórium  |b hun 
041 |a hu 
100 1 |a Kiss Nóra 
245 1 0 |a Egy vállalkozás környezetének elemző bemutatása  |c Kiss Nóra  |h [elektronikus dokumentum] 
246 1 1 |a Egy vállalkozás környezetének elemző bemutatása 
246 1 1 |a Introduction of a trading company's environment  
520 3 |a A gyógyszertár működésének elemzése közgazdasági szempontok alapján. Makro és mikrogazdasági tényezők hatása az eredmények alakulására. 
695 |a gyógyszer 
695 |a gyógyszertár 
695 |a forgalmazás 
695 |a működés 
695 |a árbevétel 
700 1 |a Katz György  |e ths 
856 4 0 |u http://dolgozattar.uni-bge.hu/1885/1/Szakdolgozat_2015_KissNora.pdf  |z Dokumentum-elérés